000 00832nam a2200241 a 4500
005 20160107124659.0
008 140314s1997 ck ||||| |||| 00| 0 spa d
040 _aCO-BoIAVH
_cCO-BoIAVH
041 0 _aspa
044 _ack
082 0 4 _a636
_bG64g
100 1 _aGonzález, Augusto
245 _aGuía para el manejo y cría de la iguana verde :
_bIguana iguana Linneo /
_cAugusto González & Virginia Ríos.
260 _aBogotá :
_bConvenio Andrés Bello :
_bANCON,
_c1997.
300 _a46 páginas :
_bilustraciones ;
_c27 cm.
500 _aTítulo tomado de la caratula.
504 _aIncluye referencias bibliográficas.
650 1 4 _aCría de amimales
_vGuías
650 1 4 _aCía de repties.
_vGuías
700 1 _aRíos, Virginia
_eautora
942 _cLIBRO
_2ddc
945 _d2004-10-15
999 _c4222
_d4222